Introduction to the Constitution of India/ (Record no. 189731)

MARC details
000 -LEADER
fixed length control field 00629nam a2200193 4500
005 - DATE AND TIME OF LATEST TRANSACTION
control field 20220712111148.0
010 ## - LCCN (DPL NO)
LC control number ENG-133470
020 ## - INTERNATIONAL STANDARD BOOK NUMBER
International Standard Book Number 9789386515728
Terms of availability 800.00
035 ## - SYSTEM CONTROL NUMBER
System control number EN-117002
037 ## - SOURCE OF ACQUISITION
Source of stock number/acquisition DBAD/PUB
082 ## - DEWEY DECIMAL CLASSIFICATION NUMBER
Classification number 342.54
100 ## - MAIN ENTRY--PERSONAL NAME
Personal name Basu, Durga Das
245 ## - TITLE STATEMENT
Title Introduction to the Constitution of India/
Statement of responsibility, etc Durga Das Basu
250 ## - EDITION STATEMENT
Edition statement 23rd Edition
260 ## - PUBLICATION, DISTRIBUTION, ETC. (IMPRINT)
Place of publication, distribution, etc Haryana
Name of publisher, distributor, etc LexisNexis
Date of publication, distribution, etc 2018
270 ## - ADDRESS
Address 14th Floor, Building No. 10, Tower-B, DLF Cyber City, Phase-II
City Gurgaon
Postal code 122002
Electronic mail address help.in@lexisnexis.com
300 ## - PHYSICAL DESCRIPTION
Extent xxxiii, 559p.
Other physical details Index
Dimensions 24cm(pbk)
942 ## - ADDED ENTRY ELEMENTS (KOHA)
Source of classification or shelving scheme Dewey Decimal Classification
Item type English Books
Classification part 342.54
Call number suffix BAS
Holdings
Withdrawn status Lost status Not for loan Collection code Home library Current library Date acquired Source of acquisition Cost, normal purchase price Full call number Barcode Copy number Cost, replacement price Koha item type
      Non-fiction Sarojini Nagar Sarojini Nagar 12/07/2022 DBAD/PUB 800.00 342.54 BAS EN-117002 1 800.00 English Books

© Delhi Public Library
Hit Counter
free hit counter